Famous Foursomes II Quiz Stats

 Plays Quiz Updated Jun 8, 2017

     
Support Sporcle.
Go Orange.
Score 0/80 Timer 10:00
41 Plays Today
Group Answer % Correct
'Wizard of Oz' GangThe Tin Woodman
94.8%
'Wizard of Oz' GangThe Cowardly Lion
94.6%
'Wizard of Oz' GangThe Scarecrow
92.3%
'Wizard of Oz' GangDorothy Gale
91.1%
Assassinated U.S. PresidentsJohn F. Kennedy
84.9%
Assassinated U.S. PresidentsAbraham Lincoln
83.2%
Baldwin BrothersAlec Baldwin
78.1%
The A-TeamSergeant 'B.A.' Baracus
77.2%
Main Ingredients of BeerHops
72.1%
Sides of a shipPort
69%
Sides of a shipStern
67%
Houses of HogwartsSlytherin
66.1%
Sides of a shipStarboard
66%
Houses of HogwartsGryffindor
65.7%
Houses of HogwartsHufflepuff
64.1%
Tennis Grand Slam EventsU.S. Open
63.5%
Tennis Grand Slam EventsWimbledon
62.3%
Sides of a shipBow
62.2%
Typical Male Voice TypesBass
62%
Color Process Printing InksBlack
62%
Typical Male Voice TypesTenor
61.4%
Main Ingredients of BeerWater
60.7%
Houses of HogwartsRavenclaw
58.9%
Twilight Series NovelsNew Moon
58.8%
Main Ingredients of BeerMalted Barley
58.6%
Color Process Printing InksYellow
57.5%
Tennis Grand Slam EventsFrench Open
57.2%
Twilight Series NovelsTwilight
56.6%
Tennis Grand Slam EventsAustralian Open
54%
Brontë siblingsEmily
54%
Little Women Title CharactersJo
53.9%
Brontë siblingsCharlotte
50.9%
Baldwin BrothersStephen Baldwin
46.5%
Main Ingredients of BeerYeast
44.8%
Twilight Series NovelsBreaking Dawn
42.6%
Twilight Series NovelsEclipse
42.1%
Typical Male Voice TypesBaritone
42%
Color Process Printing InksMagenta
40.1%
Color Process Printing InksCyan
39.2%
Assassinated U.S. PresidentsWilliam McKinley
37.8%
Group Answer % Correct
Baldwin BrothersWilliam Baldwin
37.4%
Assassinated U.S. PresidentsJames A. Garfield
35.8%
Led Zeppelin MembersRobert Plant
35.6%
Pac-Man GhostsBlinky
35%
Led Zeppelin MembersJimmy Page
31.9%
Pac-Man GhostsPinky
31.1%
Pac-Man GhostsInky
29.6%
Little Women Title CharactersBeth
28%
Brontë siblingsAnne
27.8%
The A-TeamLieutenant 'Faceman' Peck
27.2%
The GhostbustersDr. Peter Venkman
26%
Alliterative U.S. State CapitalsIndianapolis, Indiana
24.9%
Alliterative U.S. State CapitalsHonolulu, Hawaii
24.3%
The Original Kings of ComedyBernie Mac
24.1%
Alliterative U.S. State CapitalsDover, Delaware
23.7%
Alliterative U.S. State CapitalsOklahoma City, Oklahoma
23.7%
Little Women Title CharactersMeg
22.9%
Little Women Title CharactersAmy
22.6%
The Original Kings of ComedyCedric the Entertainer
21.8%
The GhostbustersDr. Egon Spengler
20.8%
Led Zeppelin MembersJohn Bonham
19.9%
The A-TeamColonel 'Hannibal' Smith
19.6%
Baldwin BrothersDaniel Baldwin
19.4%
The GhostbustersDr. Raymond 'Ray' Stantz
18.6%
Conic Sections (Curves)Circle
18.3%
Led Zeppelin MembersJohn Paul Jones
18%
Conic Sections (Curves)Parabola
17.5%
The A-TeamCaptain 'Howling Mad' Murdock
17.5%
The Original Kings of ComedySteve Harvey
16.3%
Pac-Man GhostsClyde
16.1%
Conic Sections (Curves)Ellipse
15.1%
Conic Sections (Curves)Hyperbola
14.4%
The GhostbustersWinston Zeddemore
11.3%
The Original Kings of ComedyD.L. Hughley
9.9%
'Gauntlet' CharactersMerlin the Wizard
9.4%
Typical Male Voice TypesCountertenor
8.9%
'Gauntlet' CharactersThor the Warrior
7.7%
'Gauntlet' CharactersQuestor the Elf
7.6%
'Gauntlet' CharactersThyra the Valkyrie
4%
Brontë siblingsBranwell
3.6%

From the Vault

Successful American Idols (Seasons 1-8)

by rockgolf

This quiz just served to remind us that 'From Justin to Kelly' was once a thing.
Remove Ads.
Support Sporcle.
Get the best of Sporcle when you Go Orange. This ad-free experience offers more features, more stats, and more fun while also helping to support Sporcle. Thank you for becoming a member.

Show Comments

Extras

Top Quizzes Today


Score Distribution

Your Account Isn't Verified!

In order to create a playlist on Sporcle, you need to verify the email address you used during registration. Go to your Sporcle Settings to finish the process.

Report this User

Report this user for behavior that violates our Community Guidelines.

Details: